Trouver le club de football (par rapport à son sponsor) - Statistiques

Statistiques générales
  • Ce quiz a été pris 200 fois
  • Le résultat moyen est 10 sur 20
Statistiques - réponses
Sponsor Domaine Club % Correct
Electricité de Strasbourg Energie RC Strasbourg
92%
Fly Emirates Aéronautique Paris SG
85%
Hyundai Automobile Olympique lyonnais
77%
Fedcom Agriculture AS Monaco
71%
Moselle Public FC Metz
70%
Partouche Casinos Lille OSC
64%
Samsic Services Stade rennais
62%
Sud de France Tourisme Montpellier HSC
60%
Synergie Intérim FC Nantes
56%
Mutuelles du Soleil Assurance OGC Nice
56%
Scania Automobile Angers SCO
47%
Pas de sponsor principal Olympique de Marseille
42%
Triangle Intérim Intérim Toulouse FC
42%
Inter Sport Distribution Amiens SC
32%
Eovi Mcd mutuelle Assurance AS Saint-Etienne
31%
Sweetcom Energie Girondins de Bordeaux
28%
Babeau-Seguin Batiment ES Troyes AC
25%
Roger Martin Batiment Dijon FCO
23%
Campagne de France Agroalimentaire SM Caen
23%
Servagroupe Intérim EA Guingamp
17%
Aucun quiz correspondant
Distribution des résultats
% des personnes avec chaque résultat
Percentile par nombre de réponses
Votre historique - résultats
Vous n’avez pas pris ce quiz